000 00231 a2200085 4500
020 _a978-93-84204-21-1
100 _aCouncil of Architecture
245 _aDocumenting architectural heritage 2021
260 _bCouncil of Architecture
_c2023
999 _c12656
_d12656